Loading...
| History - American History | 3 | 3 | 0 | 0 | 75 | 52 | 78.33 | 3 | 6 |
| Science - Chemistry | 0 | 5 | 0 | 2 | 50 | 88 | 104.80 | 0 | 5 |
| History - World History | 0 | 4 | 1 | 1 | 35 | 102 | 110.50 | 1 | 4 |
| Science - Other Science | 1 | 2 | 0 | 0 | 35 | 59 | 73.00 | 3 | 3 |
| Geography | 1 | 1 | 1 | 1 | 20 | 32 | 72.50 | 1 | 2 |
| Science - Biology | 0 | 2 | 0 | 0 | 20 | 100 | 103.50 | 0 | 2 |
| Visual Arts | 0 | 2 | 1 | 1 | 15 | 112 | 122.50 | 1 | 2 |
| Science - Physics | 0 | 2 | 1 | 1 | 15 | 95 | 112.50 | 0 | 2 |
| History - Other History | 0 | 1 | 0 | 0 | 10 | 105 | 105.00 | 0 | 1 |
| Literature - British Literature | 0 | 1 | 0 | 0 | 10 | 99 | 99.00 | 0 | 1 |
| Other Academic | 0 | 1 | 0 | 0 | 10 | 94 | 94.00 | 0 | 1 |
| History - Ancient History | 0 | 1 | 0 | 1 | 10 | 126 | 126.00 | 0 | 1 |
| Fine Arts - Other Arts | 0 | 1 | 0 | 0 | 10 | 98 | 98.00 | 0 | 1 |
| Current Events | 0 | 1 | 0 | 0 | 10 | 104 | 104.00 | 1 | 1 |
| History - European History | 0 | 1 | 0 | 0 | 10 | 111 | 111.00 | 0 | 1 |
| Beliefs | 0 | 0 | 1 | 0 | -5 | 0.00 | 0 | 0 |